Compra pública verde
Furkejuvvon:
| Váldodahkki: | |
|---|---|
| Materiálatiipa: | Girji |
| Giella: | espánnjágiella |
| Almmustuhtton: |
Barcelona
Atelier
2018
|
| Preanttus: | 1a. ed |
| Fáttát: | |
| Fáddágilkorat: |
Lasit fáddágilkoriid
Eai fáddágilkorat, Lasit vuosttaš fáddágilkora!
|
MARC
| LEADER | 00000cam a2200000 a 4500 | ||
|---|---|---|---|
| 001 | UCC5736 | ||
| 003 | CL-VaPUC | ||
| 008 | 181026e20180000sp |||||||||||||||||spa|d | ||
| 020 | |a 9788417466091 | ||
| 082 | 0 | 4 | |a 341.762 |b LAZ |2 21 |
| 100 | |a Lazo Vitoria, Ximena Angélica |e author |9 819366 | ||
| 245 | 1 | 0 | |a Compra pública verde |
| 250 | |a 1a. ed | ||
| 300 | |a 447 p | ||
| 942 | |c BK | ||
| 945 | |d 20181026 16:22:00 |a dcastane | ||
| 260 | |a Barcelona |b Atelier |c 2018 | ||
| 650 | 0 | |a Derecho ambiental internacional |9 467416 | |
| 650 | 0 | |a Protección del medio ambiente |9 257626 | |
| 650 | 0 | |a Política internacional |9 255813 | |
| 583 | |a last modification |c 20181026 16:22:00 |k Rodrigo Vera | ||
| 999 | |c 372853 |d 372851 | ||
| 952 | |0 0 |1 0 |3 erb |4 0 |6 341_762000000000000_LAZ_2018 |7 0 |8 A |9 490715 |a BIBDER |b BIBDER |i 550998K |o 341.762 LAZ 2018 |p 550998K |r 2023-01-25 |w 2019-11-24 |y BK |z Catalogado en:20181026 |k DER | ||